01394cam a2200313 i 450000100090000000300050000900500170001400800410003101000170007202000440008902000270013303800100016004000280017004200080019804300120020605000250021808200260024324500840026926000780035330000220043133600260045333700280047933800270050750400510053452002770058565000530086270000320091577601330094721835214NUST20220828185941.0201209s2021 cau be 001 0 eng  a 2020052220 a9781440866081q(hardcover ; alk. paper) z9781440866098q(ebook) aAzhar aDLCbengcDLCerdadDLC apcc an-us---00aHD6060.3b.S494 202100a305.42097303223bSEX00aSexual harassment and misconduct :ban encyclopedia cGina Robertiello, editor. aSanta Barbara, California :bABC-CLIO, an imprint of ABC-CLIO, LLC,c2021 axiv, 395 pc26 cm atextbtxt2rdacontent aunmediatedbn2rdamedia avolumebnc2rdacarrier aIncludes bibliographical references and index. a"This authoritative reference work informs readers about the scope, nature, and prevalence of sexual harassment and misconduct in all walks of American life, and how changes in policy, law, and traditional gender dynamics can address the problem"--cProvided by publisher. 0aSexual harassmentzUnited StatesvEncyclopedias.1 aRobertiello, Gina,eeditor.08iOnline version:tSexual harassment and misconductdSanta Barbara, California : ABC-CLIO, [2021]z9781440866098w(DLC) 2020052221